Bài giảng thống kê phép thí nghiệm

Gespeichert in:
Bibliographische Detailangaben
1. Verfasser: Nguyễn, Minh Thông
Format: Buch
Sprache:Undetermined
Veröffentlicht: Cần Thơ Trường Đại Học Cần Thơ 2000
Schlagworte:
Tags: Tag hinzufügen
Keine Tags, Fügen Sie den ersten Tag hinzu!
Thư viện lưu trữ: Trung tâm Học liệu Trường Đại học Cần Thơ
LEADER 00542nam a2200181Ia 4500
001 CTU_39150
008 210402s9999 xx 000 0 und d
082 |a 519.5 
082 |b Th455 
100 |a Nguyễn, Minh Thông 
245 0 |a Bài giảng thống kê phép thí nghiệm 
245 0 |c Nguyễn Minh Thông 
260 |a Cần Thơ 
260 |b Trường Đại Học Cần Thơ 
260 |c 2000 
650 |a Statistical methods 
904 |i Minh 
980 |a Trung tâm Học liệu Trường Đại học Cần Thơ